Maternal-infant bonding : (Record no. 77198)
[ view plain ]
| 000 -LEADER | |
|---|---|
| fixed length control field | 01349cam a2200373 i 4500 |
| 001 - CONTROL NUMBER | |
| control field | 77198 |
| 003 - CONTROL NUMBER IDENTIFIER | |
| rucl marc code | BD-RjUL |
| 005 - DATE AND TIME OF LATEST TRANSACTION | |
| control field | 20211209082937.0 |
| 008 - FIXED-LENGTH DATA ELEMENTS--GENERAL INFORMATION | |
| fixed length control field | 200302s1976 moua b 001 0 eng |
| 020 ## - INTERNATIONAL STANDARD BOOK NUMBER | |
| International Standard Book Number | 0801626307 |
| 035 ## - SYSTEM CONTROL NUMBER | |
| System control number | (BD-RjUL) |
| 040 ## - CATALOGING SOURCE | |
| Original cataloging agency | DLC |
| Transcribing agency | DLC |
| Modifying agency | DLC |
| Language of cataloging | eng |
| 041 ## - LANGUAGE CODE | |
| Language code of text/sound track or separate title | eng |
| 060 ## - NATIONAL LIBRARY OF MEDICINE CALL NUMBER | |
| Classification number | WS105 K625m |
| 082 00 - DEWEY DECIMAL CLASSIFICATION NUMBER | |
| Classification number | 618.9201019 |
| Edition number | 19 |
| Author mark and year | KLM 1976 |
| 100 1# - MAIN ENTRY--PERSONAL NAME | |
| Personal name | Klaus, Marshall H., |
| Dates associated with a name | 1927-2017. |
| 9 (RLIN) | 240225 |
| 245 10 - TITLE STATEMENT | |
| Title | Maternal-infant bonding : |
| Remainder of title | the impact of early separation or loss on family development / |
| Statement of responsibility, etc. | Marshall H. Klaus, John H. Kennell. |
| 260 ## - PUBLICATION, DISTRIBUTION, ETC. (IMPRINT) | |
| Place of publication, distribution, etc. | Saint Louis : |
| Name of publisher, distributor, etc. | Mosby, |
| Date of publication, distribution, etc. | 1976. |
| 300 ## - PHYSICAL DESCRIPTION | |
| Pagination | xvii, 257 p. : |
| Illustrations | ill. ; |
| Size | 23 cm. |
| 500 ## - GENERAL NOTE | |
| General note | Second ed. published in 1982 under title: Parent-infant bonding. |
| General note | Includes index. |
| 504 ## - BIBLIOGRAPHY, ETC. NOTE | |
| Bibliography, etc | Bibliography: p. 242-250. |
| 650 #0 - SUBJECT ADDED ENTRY--TOPICAL TERM | |
| Topical term or geographic name as entry element | Newborn infants |
| General subdivision | Family relationships. |
| 9 (RLIN) | 221584 |
| Topical term or geographic name as entry element | Mother and infant. |
| 9 (RLIN) | 240226 |
| Topical term or geographic name as entry element | Newborn infants |
| General subdivision | Diseases |
| -- | Psychological aspects. |
| 9 (RLIN) | 221584 |
| Topical term or geographic name as entry element | Perinatal death |
| General subdivision | Psychological aspects. |
| 9 (RLIN) | 240227 |
| Topical term or geographic name as entry element | Abnormalities, Human |
| General subdivision | Psychological aspects. |
| 9 (RLIN) | 240228 |
| Topical term or geographic name as entry element | Maternal deprivation. |
| 9 (RLIN) | 240229 |
| 700 1# - ADDED ENTRY--PERSONAL NAME | |
| Personal name | Kennell, John H., |
| Dates associated with a name | 1922-2013, |
| 906 ## - LOCAL DATA ELEMENT F, LDF (RLIN) | |
| a | 7 |
| b | cbc |
| c | orignew |
| d | 1 |
| e | ocip |
| f | 19 |
| g | y-gencatlg |
| 942 ## - ADDED ENTRY ELEMENTS (KOHA) | |
| Source of classification or shelving scheme | Dewey Decimal Classification |
| Koha item type | Books |
| Lost status | Source of classification or shelving scheme | Damaged status | Not for loan | Collection code | Permanent Location | Current Location | Shelving location | Date acquired | Source of acquisition | Total Checkouts | Full call number | Date last seen | Copy number | Koha item type |
|---|---|---|---|---|---|---|---|---|---|---|---|---|---|---|
| Dewey Decimal Classification | Not For Loan | Non-fiction | Central Library, University of Rajshahi | Central Library, University of Rajshahi | Reading Room | 19/06/1991 | Bangladesh - Canada Association of Calgary Canada | 618.9201019 KLM 1976 | 02/03/2020 | C-1 | Books |